000 00951na a2200289 4500
001 13039
003 MIRAKIL
005 20181213155311.0
008 160817b tu 000 0
020 _a975617658X
035 _a13039
040 _aMilas
_btur
_cTR-AnCHP
082 _a304.8
_bK74k 2007
090 _a304.8 K74k 2007
245 _aKökler ve yollar
_bTürkiye'de göç süreçleri
_cderleyenler Ayhan Kaya, Bahar Şahin
246 _aTürkiye'de göç süreçleri
260 _aİstanbul
_bİstanbul Bilgi Üniversitesi Yayınları
_c2007
300 _axxxiv, 611 s.
_btbl.
_c23 sm.
490 _aGöç Çalışmaları
_v7
490 _aİstanbul Bilgi Üniversitesi yayınları
_v159
504 _aKaynakça (ss. 545-580) ve dizin var.
650 _aGöç ve göçmenler
_zTürkiye
651 _aTürkiye
_xGöç alma ve göç verme
_ySosyal yönler
700 _aŞahin, Bahar
700 _aKaya, Ayhan
942 _2dcc
_cBKS
999 _c10224
_d10224